Detection of coliform and escherichia coli in ready-to-eat khmer noodle in phnom penh; ការវិភាគរក Coliform និង Escherichia coli នៅក្នុងនំបញ្ចុក នៅរាជធានីភ្នំពេញ (Record no. 10583)

000 -LEADER
fixed length control field 00649nam a22001577a 4500
003 - CONTROL NUMBER IDENTIFIER
control field OSt
005 - DATE AND TIME OF LATEST TRANSACTION
control field 20161031094336.0
008 - FIXED-LENGTH DATA ELEMENTS--GENERAL INFORMATION
fixed length control field 161031b xxu||||| |||| 00| 0 eng d
040 ## - CATALOGING SOURCE
Transcribing agency RUA
082 ## - DEWEY DECIMAL CLASSIFICATION NUMBER
Classification number AGI CHH 2012 B527 Or.1
100 ## - MAIN ENTRY--PERSONAL NAME
9 (RLIN) 11001
Personal name CHHUN SENGHAK: ឈុន សេងហាក់
245 ## - TITLE STATEMENT
Title Detection of coliform and escherichia coli in ready-to-eat khmer noodle in phnom penh; ការវិភាគរក Coliform និង Escherichia coli នៅក្នុងនំបញ្ចុក នៅរាជធានីភ្នំពេញ
260 ## - PUBLICATION, DISTRIBUTION, ETC. (IMPRINT)
Place of publication, distribution, etc. Phnom Penh
Name of publisher, distributor, etc. CHH
Date of publication, distribution, etc. 2015
300 ## - PHYSICAL DESCRIPTION
Extent viii:37p.
Other physical details ill.
Dimensions 29cm.
942 ## - ADDED ENTRY ELEMENTS (KOHA)
Source of classification or shelving scheme
Koha item type AGI

No items available.

មជ្ឈមណ្ឌលឯការនៃសាកលវិទ្យាល័យភូមិន្ទកសិកម្មចំការដូង

Powered by Koha